000 00622nam a22001577a 4500
999 _c60789
_d60789
005 20231023110517.0
008 231023s1958 ru ||||| |||| 00| 0 rus d
041 _arus
080 _a1(37)+1(38) Д-73
245 _aДревнеримские мыслители :
_bСвидетельства, тексты, фрагменты /
_cСост. А. Аветисян.
264 _aКиев,
_c1958.
300 _a280 стр.;
_b23 см.
653 _aძველი რომაელი მოაზროვნეები
700 _a Аветисян, А.А.
_eშემდგენელი
_920176
942 _2udc
_cBK